Football clubs of Arabic countries - Statistics

General Stats
  • This quiz has been taken 29 times
  • The average score is 11 of 20
Answer Stats
Football team Country % Correct
Al-Nassr Saudi Arabia
96%
Chabab Atlas Khénifra Morocco
78%
Manama Club Bahrain
74%
Shorta Aleppo Syria
70%
Nouadhibou Mauritania
65%
Al Nile SC Sudan
65%
MO Constantine‎ Algeria
61%
Al-Hussein Jordan
61%
Union Sportive Monastirienne Tunisia
61%
Olympic El Qanal Egypt
57%
Tripoli Lebanon
57%
Al Andalus Tobruk Libya
57%
Umm Salal Qatar
57%
Qadsia SC Kuwait
52%
Dibba Al Fujairah UAE
52%
Al-Nasiriya Iraq
43%
CF Gendarmerie Nationale Djibouti
35%
Sur Oman
35%
Al Saqr Sport & Cultural Club Yemen
35%
Aventure Club Comoros
26%
No matching quizzes found
Score Distribution
Percent of People with Each Score
Percentile by Number Answered
Your Score History
You have not taken this quiz